Developing the strategic thinking of instructional leaders (Record no. 65898)

MARC details
000 -CABECERA
campo de control de longitud fija 00611nam a2200217 a 4500
005 - FECHA Y HORA DE LA ÚLTIMA TRANSACCIÓN
campo de control 20210219153011.0
008 - ELEMENTOS DE LONGITUD FIJA--INFORMACIÓN GENERAL
campo de control de longitud fija 991125n 000 0 eng u
035 ## - NÚMERO DE CONTROL DEL SISTEMA
Número de control de sistema UPN01000072409
100 ## - ASIENTO PRINCIPAL--NOMBRE PERSONAL
Nombre de persona Hallinger, Phillip
222 #4 - TÍTULO CLAVE
Título clave THE ELEMENTARY SCHOOL JOURNAL
245 #0 - MENCIÓN DE TÍTULO
Título Developing the strategic thinking of instructional leaders
300 ## - DESCRIPCIÓN FÍSICA
Extensión 89-108
362 ## - FECHAS DE PUBLICACIÓN Y/O DESIGNACIÓN SECUENCIAL
Fecha de publicación y/o designación secuencial 1990 91, no. 2
653 0# - TERMINO DE INDIZACION - NO CONTROLADO
Término no controlado ADMINISTRADORES
653 0# - TERMINO DE INDIZACION - NO CONTROLADO
Término no controlado DIRECCION DE LA ENSE\197ANZA
653 0# - TERMINO DE INDIZACION - NO CONTROLADO
Término no controlado DIRECTORES
653 0# - TERMINO DE INDIZACION - NO CONTROLADO
Término no controlado DISEÑO ASISTIDO POR ORDENADOR
700 ## - ASIENTO SECUNDARIO--NOMBRE DE PERSONAL
Nombre de persona McCary, C. E.
904 ## - ELEMENTOS DE DATOS D LOCAL, LDD (RLIN)
a AC
b 010220
905 ## - TIPO DE MATERIAL
Tipo de material Articulo

No items available.